Hernia inguinocrural / (Registro nro. 35945)

Detalles MARC
000 -LEADER
campo de control de longitud fija 00674nam a2200217 i 4500
001 - NÚMERO DE CONTROL
campo de control 35945
003 - IDENTIFICADOR DE NÚMERO DE CONTROL
campo de control ES-MaACL
005 - FECHA Y HORA DE LA ÚLTIMA TRANSACCIÓN
campo de control 20230906155243.0
007 - CAMPO FIJO DE DESCRIPCIÓN FÍSICA--INFORMACIÓN GENERAL
campo de control de longitud fija t|
008 - DATOS DE LONGITUD FIJA--INFORMACIÓN GENERAL
campo de control de longitud fija 030214s1982 sp ||||1| cat d
100 1# - ENTRADA PRINCIPAL--NOMBRE DE PERSONA
Nombre de persona Broggi i Trias, Marc-Antoni (
Fechas asociadas al nombre 1942-)
9 (RLIN) 31875
245 10 - MENCIÓN DEL TÍTULO
Título Hernia inguinocrural /
Mención de responsabilidad, etc. por M.A. Broggi y Trias, J.A. Salvá i Lacombe.
250 ## - MENCION DE EDICION
Mención de edición [1ª ed.].
260 ## - PUBLICACIÓN, DISTRIBUCIÓN, ETC.
Lugar de publicación, distribución, etc. Barcelona :
Nombre del editor, distribuidor, etc. Jims,
Fecha de publicación, distribución, etc. [1982]
300 ## - DESCRIPCIÓN FÍSICA
Extensión XIX, 205 p. :
Otras características físicas il. ;
Dimensiones 22 cm.
504 ## - NOTA DE BIBLIOGRAFÍA, ETC.
Nota de bibliografía, etc. Bibliografía: p. 195-205.
650 #4 - PUNTO DE ACCESO ADICIONAL DE MATERIA--TÉRMINO DE MATERIA
Término de materia o nombre geográfico como elemento de entrada Hernia inguinal.
9 (RLIN) 158348
650 #4 - PUNTO DE ACCESO ADICIONAL DE MATERIA--TÉRMINO DE MATERIA
Término de materia o nombre geográfico como elemento de entrada Hernia femoral.
9 (RLIN) 158349
700 0# - ENTRADA AGREGADA--NOMBRE PERSONAL
Nombre de persona Salvà Lacombe, J. A.
9 (RLIN) 102060
852 ## - LOCALIZACIÓN
Ubicación ES-MaACL
Número de control de estantería L-2241
Sublocalización o colección R.102630
Existencias
Estatus retirado Estado de pérdida Estado de daño No para préstamo Biblioteca de origen Biblioteca actual Ubicación en estantería Fecha de adquisición Fuente de adquisición Total de préstamos Signatura topográfica completa Código de barras Visto por última vez Precio de reemplazo Tipo de ítem Koha
        Biblioteca del Ateneo de Madrid Biblioteca del Ateneo de Madrid Depósito 2 17/01/2008     L-2241 1037681 23/02/2023 23/02/2023 Libro impreso